Nhiếp ảnh Nông Tú Tường : Các tác phẩm chọn lọc
Giới thiệu hình ảnh quê hương yêu dấu, đất nước con người trên những nẻo đường quê hương, những năm tháng không quên của nhiếp ảnh gia Nông Tú Tường.
Tallennettuna:
| Päätekijä: | |
|---|---|
| Aineistotyyppi: | Kirja |
| Kieli: | Undetermined |
| Julkaistu: |
Hà Nội
Hội nhà văn
2018
|
| Aiheet: | |
| Tagit: |
Lisää tagi
Ei tageja, Lisää ensimmäinen tagi!
|
| Thư viện lưu trữ: | Trung tâm Học liệu Trường Đại học Cần Thơ |
|---|
| LEADER | 00831nam a2200205Ia 4500 | ||
|---|---|---|---|
| 001 | CTU_235886 | ||
| 008 | 210402s9999 xx 000 0 und d | ||
| 082 | |a 779.09597 | ||
| 082 | |b T561 | ||
| 100 | |a Nông, Tú Tường | ||
| 245 | 0 | |a Nhiếp ảnh Nông Tú Tường : | |
| 245 | 0 | |b Các tác phẩm chọn lọc | |
| 245 | 0 | |c Nông Tú Tường | |
| 260 | |a Hà Nội | ||
| 260 | |b Hội nhà văn | ||
| 260 | |c 2018 | ||
| 520 | |a Giới thiệu hình ảnh quê hương yêu dấu, đất nước con người trên những nẻo đường quê hương, những năm tháng không quên của nhiếp ảnh gia Nông Tú Tường. | ||
| 650 | |a Nhiếp ảnh,Photography | ||
| 910 | |b nthai | ||
| 980 | |a Trung tâm Học liệu Trường Đại học Cần Thơ | ||